00331nam a2200109 a 4500008004100000050001500041245008100056260004900137300001500186350000900201650001100210070928s1998 ||||||||||||||||| || u aHC 915 Zam00aZambia: a review of commerce, indusrty and tourismcedited by Townsend, Fitz aLusakabDirectory Publishers of Zambiac1998 a120p.:ill. a0.00 aZAMBIA